MARC details
| 000 -CABECERA |
| campo de control de longitud fija |
02948ngm a22004574i 4500 |
| 001 - NÚMERO DE CONTROL |
| campo de control |
991061308198106706 |
| 003 - IDENTIFICADOR DEL NÚMERO DE CONTROL |
| campo de control |
ES-BaIT |
| 005 - FECHA Y HORA DE LA ÚLTIMA TRANSACCIÓN |
| campo de control |
20260209145545.0 |
| 008 - DATOS DE LONGITUD FIJA--INFORMACIÓN GENERAL |
| campo de control de longitud fija |
250404s2007 xxu||| |-|||||q|| vleng|c |
| 024 3# - IDENTIFICADOR DE OTROS ESTÁNDARES |
| Número estándar o código |
089948441199 |
| 028 40 - NÚMERO DE EDITOR O DISTRIBUIDOR |
| Número de editor o de distribuidor |
4411 |
| Fuente |
VAI |
| 040 ## - FUENTE DE LA CATALOGACIÓN |
| Centro catalogador/agencia de origen |
ES-BaIT |
| Lengua de catalogación |
cat |
| Normas de descripción |
rda |
| Centro/agencia transcriptor |
ES-BaIT |
| 080 ## - NÚMERO DE LA CLASIFICACIÓN DECIMAL UNIVERSAL |
| Número de la Clasificación Decimal Universal |
793(123) |
| 130 0# - ENTRADA PRINCIPAL--TÍTULO UNIFORME |
| Título uniforme |
Skaz o kammenom tsvetke Coreografia |
| 9 (RLIN) |
108587 |
| 245 14 - MENCIÓN DE TÍTULO |
| Título |
The stone flower / |
| Mención de responsabilidad, etc. |
music by Sergei Prokofiev ; director Valery Gorbatsevich ; choreography: Yuri Grigorovich ; Bolshoi Ballet; Bolshoi Theater Orchestra ; Alexander Kopilov, Conductor |
| 264 #1 - PRODUCCIÓN, PUBLICACIÓN, DISTRIBUCIÓN, FABRICACIÓN Y COPYRIGHT |
| Producción, publicación, distribución, fabricación y copyright |
New York : |
| Nombre del de productor, editor, distribuidor, fabricante |
Video Artists International, |
| Fecha de producción, publicación, distribución, fabricación o copyright |
2007 |
| 300 ## - DESCRIPCIÓN FÍSICA |
| Extensión |
1 videodisc (DVD) (111 min): |
| Otras características físicas |
color, so; |
| Dimensiones |
19 cm |
| 336 ## - TIPO DE CONTENIDO |
| Término de tipo de contenido |
imatge en moviment bidimensional |
| Código de tipo de contenido |
tdi |
| Fuente |
rdacontent |
| 337 ## - TIPO DE MEDIO |
| Nombre/término del tipo de medio |
vídeo |
| Código del tipo de medio |
v |
| Fuente |
rdamedia |
| 338 ## - TIPO DE SOPORTE |
| Nombre/término del tipo de soporte |
videodisc |
| Código del tipo de soporte |
vd |
| Fuente |
rdacarrier |
| 344 ## - CARACTERÍSTICAS DE SONIDO |
| Tipo de grabación |
digital |
| Medio de grabación |
magnètic |
| Configuración de los canales de reproducción del sonido |
mono |
| Características especiales de reproducción |
Dolby digital 5.1 |
| Fuente |
rda |
| 346 ## - CARACTERÍSTICAS DE VÍDEO |
| Estándar de emisión |
NTSC |
| 347 ## - CARACTERÍSTICAS DEL ARCHIVO DIGITAL |
| Tipo de archivo |
fitxer vídeo |
| Formato de codificación |
DVD vídeo |
| Codificación regional |
totes les regions |
| Fuente |
rda |
| 500 ## - NOTA GENERAL |
| Nota general |
Format de pantalla (4:3) |
| 500 ## - NOTA GENERAL |
| Nota general |
Inclou un bonus: Pas de Deux from Anyuta / music by Valery Cavrilin ; choreography by Vladimir Vasiliev ; danced by Ekaterina Maximova and Marat Daukayev ; produced by Lenfilm for Gosteleradio, 1982 |
| 508 ## - NOTA DE CRÉDITOS DE CREACIÓN O PRODUCCIÓN |
| Nota de créditos de creación o producción |
Produced by Literature and Drama Department of Gosteleradio, 1979 |
| 511 1# - NOTA DE PARTICIPANTES O INTÉRPRETES |
| Nota de participantes o intérpretes |
Repartiment: Ekaterina Maximova (Katerina), Vladimimr Vasiliev (Danila), Svetlana Adirkhaeva (The Mistress of the Copper mountain), Vladimir Levashov (Severyan) |
| 518 ## - NOTA DE FECHA/HORA Y LUGAR DE UN ACONTECIMIENTO |
| Nota de fecha/hora y lugar de un acontecimiento |
Enregistrat al Moscow's Bolshoi Theater el 1979 |
| 520 ## - SUMARIO, ETC. |
| Sumario, etc. |
"In 1959, Yuri Grigorovich recreated his successful 1957 Kirov staging of The Stone Flower for the Bolshoi Ballet. The new version became the acclaimed centerpiece of the Bolshoi's first U.S. tour in that same year, featuring the stars of the premiere, Vladimir Vasiliev and Ekaterina Maximova as the lovers Danila and Katerina. Set to Prokofiev's last score for the ballet, The Stone Flower is regarded by Russian dancers, choreographers and critics as one of the greatest of Russian ballets. The compelling libretto, set by the composer's wife, derives from the book The Malachite Casket by P. Bazhov who based his stories on miners' tales from the Ural Mountains. In 1979, Maximova and Vasiliev were reunited for a gala performance at Moscow's Bolshoi Theater"--Contenidor |
| 650 #4 - PUNTO DE ACCESO ADICIONAL DE MATERIA--TÉRMINO DE MATERIA |
| Término de materia o nombre geográfico como elemento de entrada |
Dansa clàssica |
| Subdivisión general |
Coreografies |
| 9 (RLIN) |
56589 |
| 650 #4 - PUNTO DE ACCESO ADICIONAL DE MATERIA--TÉRMINO DE MATERIA |
| Término de materia o nombre geográfico como elemento de entrada |
Dansa clàssica |
| Subdivisión general |
Pas de deux |
| -- |
Coreografies |
| 9 (RLIN) |
94242 |
| 700 1# - ENTRADA AGREGADA--NOMBRE PERSONAL |
| Nombre de persona |
Grigorovitx, Iuri Nikolàievitx, |
| Fechas asociadas al nombre |
1927-2025 |
| Término indicativo de función/relación |
coreògraf |
| 9 (RLIN) |
165927 |
| 700 1# - ENTRADA AGREGADA--NOMBRE PERSONAL |
| Nombre de persona |
Kopilov, Alexander |
| Término indicativo de función/relación |
director d'orquestra |
| 9 (RLIN) |
168389 |
| 700 1# - ENTRADA AGREGADA--NOMBRE PERSONAL |
| Nombre de persona |
Gorbatsevich, Valery |
| Término indicativo de función/relación |
director artístic |
| 9 (RLIN) |
168390 |
| 710 2# - ENTRADA AGREGADA--NOMBRE DE ENTIDAD CORPORATIVA |
| Nombre de entidad corporativa o nombre de jurisdicción como elemento de entrada |
Bolshoi teatr SSSR. |
| Unidad subordinada |
Balet |
| Término indicativo de función/relación |
ballarí |
| 9 (RLIN) |
94184 |
| 710 2# - ENTRADA AGREGADA--NOMBRE DE ENTIDAD CORPORATIVA |
| Nombre de entidad corporativa o nombre de jurisdicción como elemento de entrada |
Bolshoĭ teatr Rossii. |
| Unidad subordinada |
Orkestr |
| Término indicativo de función/relación |
intèrpret |
| 9 (RLIN) |
96231 |
| 730 0# - ENTRADA AGREGADA--TÍTULO UNIFORME |
| Título uniforme |
Anyuta (Coreografia: Vasiliev) |
| 9 (RLIN) |
168388 |
| 908 ## - COLOCAR PARÁMETRO DE COMANDO (RLIN) |
| Colocar parámetro de comando |
CDMAE |
| 940 ## - EQUIVALENCIA O REFERENCIA-CRUZADA--TÍTULO UNIFORME [OBSOLETO] [solamente CAN/MARC] |
| Título uniforme |
<a href="CDMAE">CDMAE</a> |
| 942 ## - ELEMENTOS DE ENTRADA AGREGADA (KOHA) |
| Fuente del sistema de clasificación o colocación |
Clasificación decimal universal |
| Tipo de ítem Koha |
Vídeo |